[Event "XV Torneo Leonardo di Bona A"]
[Site "Cutro ITA"]
[Date "2009.04.25"]
[Round "8"]
[White "Naumkin, Igor"]
[Black "Malaniuk, Vladimir P."]
[Result "0-1"]
[WhiteElo "2488"]
[BlackElo "2523"]
[PlyCount "66"]
[EventDate "2009.04.18"]

1. d4 f5 2. Nf3 Nf6 3. g3 g6 4. Bg2 Bg7 5. O-O O-O 6. c4 d6 7. Nc3 Qe8 8. d5
Na6 9. Be3 h6 10. Bd4 c5 11. Bxf6 Bxf6 12. Qd2 g5 13. e3 Bd7 14. Rac1 Nc7 15.
Ne1 a6 16. Nd3 b5 17. b3 b4 18. Ne2 a5 19. f4 a4 20. Kh1 axb3 21. axb3 Ra3 22.
Rb1 g4 23. Nf2 Qg6 24. e4 fxe4 25. Nxe4 Bf5 26. Qe3 Ne8 27. Nxf6+ Qxf6 28. Be4
Ng7 29. Kg2 Rfa8 30. Rf2 Qg6 31. Bxf5 Nxf5 32. Qe6+ Qxe6 33. dxe6 Ra1 0-1

[Event "XV Torneo Leonardo di Bona A"]
[Site "Cutro ITA"]
[Date "2009.04.25"]
[Round "8"]
[White "Nikolova, Adriana"]
[Black "Koziak, Vitali"]
[Result "1/2-1/2"]
[WhiteElo "2304"]
[BlackElo "2475"]
[PlyCount "128"]
[EventDate "2009.04.18"]

1. e4 e5 2. Nf3 Nc6 3. Bb5 Nf6 4. O-O Bc5 5. c3 O-O 6. d4 Bb6 7. Re1 d6 8. h3
Ne7 9. Nbd2 c6 10. Bd3 Ng6 11. Nf1 Re8 12. Ng3 h6 13. Be3 Nh7 14. Qd2 Nh4 15.
Nxh4 Qxh4 16. dxe5 dxe5 17. Bc4 Ng5 18. Bxb6 axb6 19. Qe3 b5 20. Bb3 g6 21.
Rad1 h5 22. Rd6 Kg7 23. Nf1 Qf4 24. Nd2 Ne6 25. a3 Qxe3 26. Rxe3 Nc5 27. Rf3
Be6 28. Bxe6 Rxe6 29. Rxe6 fxe6 30. Kf1 Na4 31. b3 Nb6 32. Nb1 Nd7 33. Re3 Nc5
34. b4 Na4 35. Rd3 Nb6 36. Ke2 Kf6 37. Rf3+ Ke7 38. Rg3 Rg8 39. h4 Nc4 40. Kd3
Rf8 41. Ke2 Rf4 42. f3 Rxh4 43. Rxg6 Rh1 44. Nd2 Ra1 45. Nxc4 bxc4 46. Rg7+ Kd6
47. Rxb7 Rxa3 48. Rh7 Ra2+ 49. Kf1 Rc2 50. Rxh5 Rxc3 51. Ke1 Rc2 52. g4 Rb2 53.
g5 c3 54. Kd1 c5 55. bxc5+ Kxc5 56. Rh6 Rd2+ 57. Kc1 Rg2 58. Rxe6 Rxg5 59. Kc2
Kd4 60. Rd6+ Ke3 61. Rd3+ Kf4 62. Kxc3 Rg2 63. Kc4 Rg8 64. Ra3 Rd8 1/2-1/2

[Event "XV Torneo Leonardo di Bona A"]
[Site "Cutro ITA"]
[Date "2009.04.25"]
[Round "8"]
[White "Van Hoolandt, Patrick"]
[Black "Bentivegna, Francesco"]
[Result "1-0"]
[WhiteElo "2224"]
[BlackElo "2326"]
[PlyCount "137"]
[EventDate "2009.04.18"]

1. Nf3 d5 2. d4 Nf6 3. c4 dxc4 4. e3 Bg4 5. Bxc4 e6 6. Qb3 Bxf3 7. gxf3 Nbd7 8.
Qxb7 c5 9. Nc3 Be7 10. d5 Ne5 11. dxe6 O-O 12. exf7+ Kh8 13. Be2 Rb8 14. Qxa7
Rxf7 15. Qa4 Nd3+ 16. Bxd3 Qxd3 17. Qd1 Qg6 18. Kf1 Rd8 19. Qe2 Qh5 20. h3 c4
21. f4 Qh4 22. e4 Rd3 23. Be3 Bb4 24. e5 Bxc3 25. bxc3 Ne4 26. Qg4 Qd8 27. e6
Rb7 28. Rg1 Rxe3 29. fxe3 Qd3+ 30. Qe2 Nd2+ 31. Ke1 Qxc3 32. Qxd2 Qxa1+ 33. Kf2
Qf6 34. Qd4 Qxe6 35. Qd8+ Qg8 36. Qxg8+ Kxg8 37. Rc1 Rb2+ 38. Kf3 Rxa2 39. Rxc4
Rh2 40. Kg4 Re2 41. e4 Ra2 42. e5 Ra7 43. h4 Kf7 44. h5 h6 45. Kf5 Rb7 46. Rd4
Rb6 47. Rd7+ Kf8 48. Rd6 Rb4 49. Ke6 Rb8 50. Ra6 Rd8 51. Ra7 Rb8 52. Rf7+ Kg8
53. Rd7 Kf8 54. Kf5 Rb4 55. e6 Rb1 56. Kg6 Rg1+ 57. Kh7 Rg4 58. Rf7+ Ke8 59. f5
Rg5 60. Rxg7 Rxf5 61. Kxh6 Kf8 62. Kg6 Re5 63. e7+ Ke8 64. h6 Re6+ 65. Kh7 Rb6
66. Rg6 Rb3 67. Kg8 Kxe7 68. h7 Rb8+ 69. Kg7 1-0

[Event "XV Torneo Leonardo di Bona A"]
[Site "Cutro ITA"]
[Date "2009.04.25"]
[Round "8"]
[White "Vuelban, Virgilio"]
[Black "Piccoli, Vincenzo"]
[Result "1-0"]
[WhiteElo "2422"]
[BlackElo "2016"]
[PlyCount "57"]
[EventDate "2009.04.18"]

1. e4 c5 2. Nf3 d6 3. d4 cxd4 4. Nxd4 Nf6 5. Nc3 a6 6. Be3 e6 7. Qf3 Nbd7 8.
O-O-O Qc7 9. Qg3 b5 10. a3 Bb7 11. f3 Ne5 12. Nb3 Rc8 13. Rd2 Nfd7 14. f4 Nc4
15. Bxc4 bxc4 16. Nd4 Nc5 17. e5 dxe5 18. fxe5 Ne4 19. Nxe4 Bxe4 20. c3 g6 21.
Qf4 Bd3 22. Qf6 Rg8 23. Nxe6 Qe7 24. Nf4 Qxf6 25. exf6 Bh6 26. Nxd3 Bxe3 27.
Re1 Kd8 28. Rxe3 cxd3 29. Rdxd3+ 1-0

[Event "XV Torneo Leonardo di Bona A"]
[Site "Cutro ITA"]
[Date "2009.04.26"]
[Round "9"]
[White "Bentivegna, Francesco"]
[Black "Blasco, Domenico"]
[Result "1-0"]
[WhiteElo "2326"]
[BlackElo "1989"]
[PlyCount "61"]
[EventDate "2009.04.18"]

1. e4 g6 2. d4 Bg7 3. Nc3 d6 4. f4 a6 5. Nf3 b5 6. Bd3 Bb7 7. e5 Nd7 8. Ng5 h6
9. Nf3 e6 10. a4 b4 11. Ne4 d5 12. Nf2 a5 13. Qe2 c5 14. dxc5 Nxc5 15. Bb5+ Kf8
16. Be3 Rc8 17. Nd4 Ne7 18. O-O Kg8 19. Rad1 Kh7 20. g4 Qc7 21. Nh1 Ne4 22. Bd3
Nc5 23. Nb5 Qd7 24. Bxc5 Rxc5 25. Ng3 Ba6 26. f5 Nc6 27. fxg6+ fxg6 28. Bxg6+
Kg8 29. Bf7+ Qxf7 30. Rxf7 Kxf7 31. Qf2+ 1-0

[Event "XV Torneo Leonardo di Bona A"]
[Site "Cutro ITA"]
[Date "2009.04.26"]
[Round "9"]
[White "Drasko, Milan"]
[Black "Rusev, Krasimir"]
[Result "0-1"]
[WhiteElo "2527"]
[BlackElo "2498"]
[PlyCount "66"]
[EventDate "2009.04.18"]

1. d4 d5 2. c4 c6 3. Nf3 Nf6 4. Qc2 g6 5. Bf4 Bg7 6. e3 O-O 7. Nc3 Bf5 8. Qb3
Qb6 9. c5 Qxb3 10. axb3 Nbd7 11. b4 a6 12. h3 Rfe8 13. g4 Be4 14. Be2 Bxf3 15.
Bxf3 e5 16. dxe5 Nxe5 17. Be2 d4 18. Bxe5 Rxe5 19. exd4 Re7 20. O-O-O Ne4 21.
Nxe4 Rxe4 22. Bc4 Bxd4 23. b3 Rf4 24. Rhe1 Kf8 25. Re2 a5 26. b5 cxb5 27. Bxb5
Rc8 28. c6 bxc6 29. Rc2 Rxf2 30. Rxc6 Rd8 31. Bd3 Kg7 32. Rc4 Rh2 33. Bc2 Be3+
0-1

[Event "XV Torneo Leonardo di Bona A"]
[Site "Cutro ITA"]
[Date "2009.04.26"]
[Round "9"]
[White "Inkiov, Ventzislav V."]
[Black "Meijers, Viesturs"]
[Result "1-0"]
[WhiteElo "2471"]
[BlackElo "2458"]
[PlyCount "58"]
[EventDate "2009.04.18"]

1. d4 f5 2. Nf3 Nf6 3. g3 g6 4. Bg2 Bg7 5. O-O O-O 6. b3 d6 7. Bb2 Qe8 8. Nbd2
c6 9. Re1 Na6 10. a3 h6 11. e4 fxe4 12. Nxe4 Qf7 13. h3 Nxe4 14. Rxe4 Bf5 15.
Re3 g5 16. Qd2 Nc7 17. c4 Bf6 18. Rae1 e6 19. Qb4 Qd7 20. Ba1 a5 21. Qd2 a4 22.
b4 b5 23. g4 Bh7 24. d5 cxd5 25. cxd5 e5 26. Nh2 Bg6 27. Nf1 Qf7 28. Ng3 Rae8
29. Ne4 Bxe4 1-0

[Event "XV Torneo Leonardo di Bona A"]
[Site "Cutro ITA"]
[Date "2009.04.26"]
[Round "9"]
[White "Koziak, Vitali"]
[Black "Marholev, Dimitar"]
[Result "1/2-1/2"]
[WhiteElo "2475"]
[BlackElo "2396"]
[PlyCount "38"]
[EventDate "2009.04.18"]

1. d4 Nf6 2. c4 g6 3. Nc3 Bg7 4. e4 d6 5. Bg5 c5 6. dxc5 Qa5 7. Qd2 dxc5 8. e5
Ng4 9. Bxe7 Nc6 10. Bd6 Bxe5 11. Be2 Nd4 12. Bxg4 Bxd6 13. Bxc8 Rxc8 14. Qe3+
Kf8 15. Qh6+ Kg8 16. O-O-O Nf5 17. Qd2 Be5 18. Nf3 Bxc3 19. Qxc3 Qxc3+ 1/2-1/2

[Event "XV Torneo Leonardo di Bona A"]
[Site "Cutro ITA"]
[Date "2009.04.26"]
[Round "9"]
[White "Neubauer, Kai"]
[Black "Genocchio, Daniele"]
[Result "0-1"]
[WhiteElo "2020"]
[BlackElo "2445"]
[PlyCount "60"]
[EventDate "2009.04.18"]

1. d4 d6 2. c4 f5 3. Nf3 Nf6 4. Nc3 g6 5. g3 Bg7 6. Bg2 O-O 7. O-O Nc6 8. d5
Ne5 9. Nd2 c5 10. b3 Bd7 11. Bb2 Qe8 12. h3 g5 13. f4 gxf4 14. gxf4 Neg4 15.
hxg4 Nxg4 16. Nf3 Qh5 17. Na4 Rf6 18. Qe1 Bxa4 19. bxa4 Rg6 20. Bxg7 Ne3 21.
Nh4 Rxg7 22. Qf2 Ng4 23. Qe1 Kh8 24. Rf3 Rag8 25. Rh3 Nf6 26. Kh2 Rxg2+ 27.
Nxg2 Ng4+ 28. Kg3 Ne3+ 29. Kf2 Qxh3 30. Qh1 Rxg2+ 0-1

[Event "XV Torneo Leonardo di Bona A"]
[Site "Cutro ITA"]
[Date "2009.04.26"]
[Round "9"]
[White "Parrella, Alfredo"]
[Black "Nikolova, Adriana"]
[Result "0-1"]
[WhiteElo "2093"]
[BlackElo "2304"]
[PlyCount "106"]
[EventDate "2009.04.18"]

1. d4 Nf6 2. c4 e6 3. Nc3 Bb4 4. Qc2 d5 5. a3 Bxc3+ 6. Qxc3 O-O 7. Bg5 Nbd7 8.
e3 a6 9. Nf3 h6 10. Bh4 dxc4 11. Bxc4 b5 12. Ba2 Bb7 13. O-O Rc8 14. b4 g5 15.
Bg3 Ne4 16. Qc2 h5 17. h3 Qe7 18. Bh2 Nb6 19. Ne5 Kg7 20. Nd3 Bd5 21. Bb1 f5
22. f3 Nd6 23. Nc5 Nbc4 24. Qc3 Kh6 25. Nxa6 f4 26. e4 Bc6 27. Re1 e5 28. d5
Bd7 29. Nc5 Rg8 30. Bd3 g4 31. fxg4 hxg4 32. hxg4 Bxg4 33. Bxc4 Nxc4 34. a4 Nd6
35. Nd3 Rce8 36. Nf2 Bh5 37. Qh3 Rg6 38. Kh1 Reg8 39. Rg1 bxa4 40. Rxa4 Qe8 41.
Ra5 Qb8 42. Qc3 Qb6 43. Qxe5 Be2 44. Bxf4+ Kh7 45. Ra3 Nf7 46. Rh3+ Nh6 47. Qf5
Kg7 48. Qe5+ Kf8 49. Qxc7 Qxc7 50. Bxc7 Nf7 51. e5 Ng5 52. Re3 Nf3 53. e6 Rh6+
0-1

[Event "XV Torneo Leonardo di Bona A"]
[Site "Cutro ITA"]
[Date "2009.04.26"]
[Round "9"]
[White "Piccoli, Vincenzo"]
[Black "Cordi', Domenico"]
[Result "1-0"]
[WhiteElo "2016"]
[BlackElo "2056"]
[PlyCount "47"]
[EventDate "2009.04.18"]

1. e4 c5 2. Nf3 d6 3. d4 cxd4 4. Nxd4 Nf6 5. Nc3 a6 6. g3 g6 7. Bg2 Bg7 8. O-O
O-O 9. h3 Bd7 10. Be3 Nc6 11. Nd5 Nxd5 12. exd5 Nxd4 13. Bxd4 Bxd4 14. Qxd4 Rc8
15. c3 b5 16. Rfe1 Re8 17. Bf1 Qc7 18. Qh4 Qd8 19. Red1 e5 20. dxe6 Bxe6 21.
Qb4 Rc6 22. a4 bxa4 23. Qxa4 Qc7 24. Bg2 1-0

[Event "XV Torneo Leonardo di Bona A"]
[Site "Cutro ITA"]
[Date "2009.04.26"]
[Round "9"]
[White "Tratar, Marko"]
[Black "Epishin, Vladimir V."]
[Result "1/2-1/2"]
[WhiteElo "2488"]
[BlackElo "2591"]
[PlyCount "40"]
[EventDate "2009.04.18"]

1. Nf3 e6 2. c4 b6 3. g3 Bb7 4. Bg2 Nf6 5. O-O Be7 6. d4 O-O 7. Nc3 d5 8. cxd5
exd5 9. Bf4 Na6 10. Rc1 Re8 11. Qa4 h6 12. Rfd1 Bf8 13. Bh3 c5 14. Be5 Nc7 15.
e3 Ne6 16. Bg2 Nd7 17. dxc5 Nexc5 18. Qf4 Ne6 19. Qf5 Rc8 20. Qb1 Nec5 1/2-1/2

[Event "XV Torneo Leonardo di Bona A"]
[Site "Cutro ITA"]
[Date "2009.04.26"]
[Round "9"]
[White "Vuelban, Virgilio"]
[Black "Naumkin, Igor"]
[Result "1/2-1/2"]
[WhiteElo "2422"]
[BlackElo "2488"]
[PlyCount "126"]
[EventDate "2009.04.18"]

1. e4 e5 2. Nf3 Nc6 3. Bb5 a6 4. Ba4 Nf6 5. O-O Nxe4 6. d4 b5 7. Bb3 d5 8. dxe5
Be6 9. Qe2 Be7 10. Rd1 O-O 11. Nbd2 Nc5 12. c3 Qd7 13. Bc2 Bf5 14. Nb3 Bxc2 15.
Qxc2 Ne6 16. Be3 f6 17. Qd3 Rad8 18. exf6 Bxf6 19. a4 Ne5 20. Nxe5 Bxe5 21.
axb5 axb5 22. Nc5 Nxc5 23. Bxc5 Rfe8 24. Ra5 c6 25. Ra7 Qe6 26. g3 Bb8 27. Ra6
Qc8 28. Rda1 Re4 29. Kg2 h5 30. h4 Rde8 31. Rb6 Qd7 32. Ra8 Bc7 33. Ra7 Bxb6
34. Rxd7 Bxc5 35. Rxd5 cxd5 36. Qxd5+ R8e6 37. Qxc5 R4e5 38. Qd4 g6 39. b3 Kf7
40. Kh3 Rf5 41. c4 bxc4 42. bxc4 Ree5 43. f3 Re6 44. f4 Re7 45. Qd6 Re6 46. Qb8
Re8 47. Qb4 Re7 48. Qd6 Re6 49. Qd4 Ke8 50. Kg2 Rc6 51. Kf3 Rfc5 52. Qg7 Re6
53. Qb2 Rec6 54. Ke3 Kf7 55. Qh8 Rxc4 56. f5 Rc3+ 57. Kf2 Rf6 58. Qh7+ Kf8 59.
Qh8+ Kf7 60. Qh7+ Kf8 61. Kg2 Rc2+ 62. Kh3 Rxf5 63. Qxg6 Rcc5 1/2-1/2

[Event "XV Torneo Leonardo di Bona B"]
[Site "Cutro ITA"]
[Date "2009.04.20"]
[Round "1"]
[White "Camposano, Antonio"]
[Black "Alagia, Pietro"]
[Result "0-1"]
[WhiteElo "1359"]
[BlackElo "1631"]
[PlyCount "130"]
[EventDate "2009.04.20"]

1. d4 d5 2. c4 dxc4 3. Qa4+ c6 4. Qxc4 Nd7 5. e3 Nb6 6. Qc2 g6 7. Nf3 Bg7 8. b3
Nf6 9. Bb2 O-O 10. Be2 Nbd5 11. a3 Re8 12. Nbd2 Qc7 13. O-O Bg4 14. Rfe1 Nd7
15. g3 Rac8 16. e4 N5f6 17. Rac1 Bh6 18. e5 Nd5 19. h3 Bxh3 20. Bc4 e6 21. Qe4
Qd8 22. g4 Bxd2 23. Nxd2 Qg5 24. Be2 Nf4 25. Qf3 Nxe2+ 26. Qxe2 Bxg4 27. Ne4
Qf4 28. Qe3 Qxe3 29. Rxe3 Rf8 30. f3 Bf5 31. Nd6 Rb8 32. Nxf5 gxf5 33. f4 Nb6
34. Kf2 Nd5 35. Rg1+ Kh8 36. Rf3 Rg8 37. Rc1 Rg4 38. Rg1 Rbg8 39. Rxg4 Rxg4 40.
Bc1 h6 41. Rh3 Kh7 42. Kf3 Nc3 43. Bd2 Ne4 44. Bb4 Kg6 45. Bf8 h5 46. Be7 Nd2+
47. Ke2 Rg2+ 48. Kd3 Ne4 49. Ke3 Rb2 50. Kf3 Rxb3+ 51. Kg2 Rb2+ 52. Kf1 Rf2+
53. Kg1 Rxf4 54. Bb4 h4 55. Be1 Ng5 56. Rh2 Nf3+ 57. Kg2 Nxh2 58. Kxh2 Rxd4 59.
Bf2 Rd2 60. Kg1 Rxf2 61. Kxf2 c5 62. Ke3 h3 63. Kf3 c4 64. Kg3 c3 65. Kxh3 c2
0-1

[Event "XV Torneo Leonardo di Bona B"]
[Site "Cutro ITA"]
[Date "2009.04.20"]
[Round "1"]
[White "D'Elia, Mario Domenico"]
[Black "Luvera', Filippo"]
[Result "0-1"]
[WhiteElo "1440"]
[BlackElo "1856"]
[PlyCount "93"]
[EventDate "2009.04.20"]

1. f4 d5 2. Nf3 Nf6 3. e3 c5 4. Be2 Nc6 5. d3 e6 6. O-O Be7 7. Qe1 O-O 8. Kh1
Qc7 9. Bd2 a6 10. Qf2 b5 11. c3 Bb7 12. Na3 c4 13. Nc2 Na5 14. Nfd4 cxd3 15.
Bxd3 Nc4 16. Bc1 Nd6 17. Qe2 Nde4 18. Ne1 b4 19. c4 dxc4 20. Bxc4 Qb6 21. Nd3
Rac8 22. Bb3 Rfd8 23. Nc2 a5 24. Ne5 Ba6 25. Bc4 Bxc4 26. Nxc4 Qa6 27. b3 Nd6
28. Nd4 Nxc4 29. bxc4 Qxc4 30. Qxc4 Rxc4 31. Bb2 Rdc8 32. Rac1 a4 33. Rxc4 Rxc4
34. Nf3 Ng4 35. Bd4 f6 36. Kg1 Rc2 37. h3 Nh6 38. g4 Nf7 39. e4 Nd6 40. Ne1 Rc4
41. Nf3 Nxe4 42. Re1 Nc5 43. Re2 Kf7 44. h4 Nd3 45. g5 Nxf4 46. Re1 Nd3 47. Be3
0-1

[Event "XV Torneo Leonardo di Bona B"]
[Site "Cutro ITA"]
[Date "2009.04.20"]
[Round "1"]
[White "Familari, Giuseppe"]
[Black "Virelli, Salvatore"]
[Result "1-0"]
[WhiteElo "1861"]
[BlackElo "1467"]
[PlyCount "61"]
[EventDate "2009.04.20"]

1. e4 c5 2. d4 cxd4 3. c3 e5 4. cxd4 exd4 5. Nf3 Nc6 6. Bc4 Be7 7. O-O d6 8.
Nxd4 Nf6 9. Nc3 Bd7 10. Bf4 O-O 11. Ndb5 Ne5 12. Bb3 Bxb5 13. Nxb5 a6 14. Nc3
b5 15. Qe2 Nc6 16. Rfd1 Qc7 17. Rac1 Rad8 18. Nd5 Qb7 19. Rxc6 Nxd5 20. Bxd5
Qa7 21. Rdc1 h6 22. Rc7 Qd4 23. Rxe7 Qf6 24. Rcc7 Qxf4 25. Qf3 Qd2 26. h4 Kh8
27. Rxf7 Qxb2 28. Rxf8+ Rxf8 29. Qxf8+ Kh7 30. Qf5+ Kh8 31. Rc8# 1-0

[Event "XV Torneo Leonardo di Bona B"]
[Site "Cutro ITA"]
[Date "2009.04.20"]
[Round "1"]
[White "Grano, Giuseppe"]
[Black "Yaqoubi, Naqib Ullah"]
[Result "1-0"]
[WhiteElo "1706"]
[BlackElo "1440"]
[PlyCount "75"]
[EventDate "2009.04.20"]

1. Nf3 d5 2. d4 g6 3. c4 Bg7 4. Nc3 Nf6 5. e3 Bg4 6. h3 Bxf3 7. Qxf3 c6 8. cxd5
cxd5 9. Bb5+ Nbd7 10. O-O a6 11. Ba4 O-O 12. Nxd5 Nxd5 13. Qxd5 Nb6 14. Qxd8
Raxd8 15. Bb3 Rfe8 16. Bd2 e6 17. Ba5 Rd6 18. Bxb6 Rxb6 19. Rac1 a5 20. Rc2 Ra6
21. Ba4 Rb8 22. Bb5 Rb6 23. a4 Rd6 24. Rfc1 h6 25. Rc8+ Rxc8 26. Rxc8+ Kh7 27.
Rc7 f5 28. Rxb7 e5 29. dxe5 Rd2 30. b3 h5 31. e6 Kh6 32. e7 Be5 33. e8=Q Rd1+
34. Bf1 Bb2 35. Rb6 Rxf1+ 36. Kxf1 Kh7 37. Qxg6+ Kh8 38. Rb8# 1-0

[Event "XV Torneo Leonardo di Bona B"]
[Site "Cutro ITA"]
[Date "2009.04.20"]
[Round "1"]
[White "Ielapi, Vito"]
[Black "Levato, Biagio"]
[Result "1-0"]
[WhiteElo "1911"]
[BlackElo "1546"]
[PlyCount "65"]
[EventDate "2009.04.20"]

1. e4 c5 2. Nf3 Nc6 3. c3 e6 4. Bb5 Qc7 5. O-O a6 6. Bxc6 Qxc6 7. Re1 Ne7 8. d4
cxd4 9. cxd4 d5 10. Ne5 Qc7 11. Qh5 Ng6 12. Nxg6 fxg6 13. Qf3 dxe4 14. Qxe4 Bd6
15. h3 O-O 16. Nd2 b5 17. Nf3 Rb8 18. Bg5 Qf7 19. Bh4 Qf5 20. Qe2 Bb4 21. Red1
Bb7 22. Ne5 Rbc8 23. Rac1 Rxc1 24. Rxc1 Qf4 25. Rc7 Bd5 26. Bg3 Qxd4 27. Nc6
Bxc6 28. Rxc6 Bc5 29. Rxa6 h5 30. h4 e5 31. Rxg6 Kh7 32. Qxh5+ Kg8 33. Rxg7+
1-0

[Event "XV Torneo Leonardo di Bona B"]
[Site "Cutro ITA"]
[Date "2009.04.20"]
[Round "1"]
[White "Macri', Pasquale"]
[Black "Violi, Vincenzo"]
[Result "0-1"]
[WhiteElo "1422"]
[BlackElo "1644"]
[PlyCount "54"]
[EventDate "2009.04.20"]

1. e4 c5 2. Nf3 d6 3. Nc3 Nf6 4. Bc4 e6 5. d4 cxd4 6. Bb5+ Nbd7 7. Qxd4 a6 8.
Bxd7+ Bxd7 9. Bg5 Be7 10. e5 dxe5 11. Nxe5 Qc7 12. Nxd7 Qxd7 13. Bxf6 Bxf6 14.
Qxd7+ Kxd7 15. O-O-O+ Ke7 16. Ne4 Be5 17. Nc5 b6 18. Nd7 Bc7 19. Rhe1 f6 20.
Rd3 Rhd8 21. Red1 Ra7 22. g3 Bf4+ 23. gxf4 Raxd7 24. Rg1 Rxd3 25. Rxg7+ Kf8 26.
cxd3 Kxg7 27. Kd2 Rd5 0-1

[Event "XV Torneo Leonardo di Bona B"]
[Site "Cutro ITA"]
[Date "2009.04.20"]
[Round "1"]
[White "Olivo, Paolo"]
[Black "Policastrese, Salvatore"]
[Result "1-0"]
[WhiteElo "1649"]
[BlackElo "1431"]
[PlyCount "77"]
[EventDate "2009.04.20"]

1. e4 e5 2. Nf3 Nc6 3. d4 exd4 4. Nxd4 Nxd4 5. Qxd4 d6 6. Nd2 Nf6 7. h3 b6 8.
Bb5+ Bd7 9. Bxd7+ Qxd7 10. O-O Be7 11. Re1 O-O 12. e5 dxe5 13. Qxe5 Rfe8 14.
Qc3 Bd6 15. Rxe8+ Rxe8 16. Nf3 Re2 17. Qd3 Qe6 18. Be3 Rxe3 19. Qxe3 Qf5 20.
Nd4 Qd5 21. c3 h6 22. b3 Nh5 23. g3 c5 24. Qf3 Qg5 25. Nb5 Bb8 26. Re1 Kf8 27.
Qc6 Qd8 28. Qa8 g6 29. Nxa7 Kg7 30. Nc6 Qd2 31. Rf1 Nxg3 32. Nxb8 Nxf1 33. Kxf1
Qd3+ 34. Kg2 Qxc3 35. Nd7 b5 36. Qf8+ Kh7 37. Qxf7+ Qg7 38. Nf6+ Kh8 39. Qe8+
1-0

[Event "XV Torneo Leonardo di Bona B"]
[Site "Cutro ITA"]
[Date "2009.04.20"]
[Round "1"]
[White "Paragliola, Gennaro"]
[Black "Mercurio, Rosario"]
[Result "1-0"]
[WhiteElo "1635"]
[BlackElo "1372"]
[PlyCount "57"]
[EventDate "2009.04.20"]

1. d4 e6 2. c4 Bb4+ 3. Nc3 c5 4. e3 Nf6 5. Bd3 O-O 6. Nf3 Re8 7. O-O Bxc3 8.
bxc3 Qa5 9. Qc2 g6 10. e4 d5 11. e5 Nfd7 12. Bh6 Nb6 13. cxd5 c4 14. dxe6 Bxe6
15. Be4 Bd5 16. Ng5 N8d7 17. Rfe1 Na4 18. Bxd5 Qxd5 19. Qxa4 b5 20. Qd1 Nb6 21.
Ne4 Nd7 22. Qf3 Qe6 23. h3 a5 24. a3 a4 25. Rab1 Rab8 26. Nd6 Rb6 27. Nxe8 Qxe8
28. Rb4 Qd8 29. Qd5 1-0

[Event "XV Torneo Leonardo di Bona B"]
[Site "Cutro ITA"]
[Date "2009.04.20"]
[Round "1"]
[White "Rizzuti, Pasquale"]
[Black "Hosseni, Raza"]
[Result "1-0"]
[WhiteElo "1814"]
[BlackElo "1440"]
[PlyCount "101"]
[EventDate "2009.04.20"]

1. Nf3 Nc6 2. c4 e5 3. Nc3 Nf6 4. d3 h6 5. g3 d5 6. cxd5 Nxd5 7. Bg2 Bb4 8. Bd2
Nce7 9. a3 Bxc3 10. bxc3 a6 11. O-O O-O 12. a4 Bg4 13. a5 b5 14. axb6 cxb6 15.
Qa4 b5 16. Qxg4 Ng6 17. Nh4 Nde7 18. Bxa8 Qxa8 19. Nxg6 Nxg6 20. Rfb1 Qb7 21.
Qe4 Qxe4 22. dxe4 Re8 23. Be1 Ra8 24. Rxb5 axb5 25. Rxa8+ Kh7 26. Rb8 Ne7 27.
Rxb5 g5 28. f3 Nc8 29. Bf2 Nd6 30. Rb4 Ne8 31. c4 Nc7 32. Rb6 Ne8 33. c5 f6 34.
Rb7+ Kg6 35. Re7 Ng7 36. g4 h5 37. h3 hxg4 38. hxg4 f5 39. Rxg7+ Kxg7 40. gxf5
Kf6 41. c6 Ke7 42. Bc5+ Kd8 43. Bd6 Ke8 44. Bxe5 Ke7 45. f6+ Ke6 46. e3 Kxe5
47. f7 Kf6 48. f8=Q+ Kg6 49. c7 Kh5 50. c8=Q Kh4 51. Qg4# 1-0

[Event "XV Torneo Leonardo di Bona B"]
[Site "Cutro ITA"]
[Date "2009.04.20"]
[Round "1"]
[White "Rotunno, Giuseppe"]
[Black "De Zerbi, Sergio"]
[Result "1-0"]
[WhiteElo "1958"]
[BlackElo "1612"]
[PlyCount "105"]
[EventDate "2009.04.20"]

1. d4 d5 2. Nf3 Nf6 3. e3 g6 4. b3 Bg7 5. Bb2 O-O 6. Be2 Bg4 7. Nbd2 Nbd7 8. h3
Bxf3 9. Nxf3 e6 10. O-O c5 11. c4 cxd4 12. exd4 dxc4 13. bxc4 Rc8 14. Qa4 Qc7
15. Rfc1 Rfd8 16. Rab1 a6 17. Ba3 Bh6 18. Rc2 b5 19. Qxa6 Ra8 20. Bd6 Qb6 21.
Qxb6 Nxb6 22. Bc7 Rdc8 23. Bxb6 bxc4 24. Rxc4 Rcb8 25. a4 Nd5 26. a5 Rxa5 27.
Rc8+ Rxc8 28. Bxa5 Bg7 29. Ne5 Bxe5 30. dxe5 Rc2 31. Bf3 Nf4 32. Rb8+ Kg7 33.
Bb4 Rc1+ 34. Kh2 h5 35. Bd2 Rc4 36. Rb4 Rxb4 37. Bxb4 Nd3 38. Ba3 Nxf2 39. Kg3
Nd3 40. Be2 Nxe5 41. Bb2 f6 42. Bxe5 fxe5 43. Kf3 Kf6 44. Ke4 Kg5 45. Kxe5 Kh4
46. Kxe6 Kg3 47. Bf3 Kh4 48. Kf6 g5 49. Kf5 g4 50. hxg4 hxg4 51. Bxg4 Kg3 52.
Bf3 Kh4 53. g4 1-0

[Event "XV Torneo Leonardo di Bona B"]
[Site "Cutro ITA"]
[Date "2009.04.20"]
[Round "1"]
[White "Safari, Nasim"]
[Black "Catapano, Francesco"]
[Result "1-0"]
[WhiteElo "1440"]
[BlackElo "1772"]
[PlyCount "33"]
[EventDate "2009.04.20"]

1. e4 e6 2. Nc3 d5 3. d4 Nf6 4. f3 dxe4 5. fxe4 Bb4 6. Qd3 Nc6 7. Nf3 O-O 8. a3
Be7 9. h3 Nh5 10. Ne2 a6 11. Be3 b5 12. g4 Nf6 13. Ng5 Nxg4 14. hxg4 Bxg5 15.
Bg2 Bb7 16. e5 Nxe5 17. Qxh7# 1-0

[Event "XV Torneo Leonardo di Bona B"]
[Site "Cutro ITA"]
[Date "2009.04.20"]
[Round "1"]
[White "Scalise, Sandro"]
[Black "Zavaglia, Giuseppe"]
[Result "1/2-1/2"]
[WhiteElo "1586"]
[BlackElo "1925"]
[PlyCount "114"]
[EventDate "2009.04.20"]

1. d4 Nf6 2. Nc3 e6 3. Bg5 Be7 4. e4 h6 5. Bxf6 Bxf6 6. e5 Be7 7. Qg4 g6 8. Bd3
h5 9. Qf3 Bh4 10. Qe3 Qg5 11. Qxg5 Bxg5 12. h4 Be7 13. Nf3 d5 14. Nb5 Na6 15.
O-O O-O 16. c4 dxc4 17. Bxc4 Rd8 18. Rfd1 c6 19. Nc3 b6 20. Rac1 Bb7 21. a3
Rac8 22. Ng5 Nc7 23. b4 b5 24. Bb3 a5 25. Nce4 axb4 26. Nd6 Bxd6 27. exd6 Rxd6
28. Ne4 Rdd8 29. Nc5 Ba8 30. axb4 Nd5 31. Bxd5 cxd5 32. f4 Bc6 33. Ra1 Ra8 34.
Ra6 Rxa6 35. Nxa6 Ra8 36. Nc5 Kg7 37. Kf2 Ra3 38. Rd3 Ra1 39. g3 Kf6 40. Rc3
Be8 41. Nd3 Kf5 42. Kf3 f6 43. Nf2 e5 44. dxe5 fxe5 45. fxe5 Kxe5 46. Re3+ Kd4
47. Rxe8 Kc4 48. Rc8+ Kxb4 49. Nd3+ Kb3 50. Rc5 Rf1+ 51. Ke2 Rg1 52. Kf2 Rd1
53. Ke2 Rg1 54. Rxd5 Rxg3 55. Rxb5+ Kc2 56. Rc5+ Kb3 57. Rg5 Rh3 1/2-1/2

[Event "XV Torneo Leonardo di Bona B"]
[Site "Cutro ITA"]
[Date "2009.04.20"]
[Round "1"]
[White "Soluri, Francesco"]
[Black "Tricomi, Massimo"]
[Result "1-0"]
[WhiteElo "1500"]
[BlackElo "1882"]
[PlyCount "113"]
[EventDate "2009.04.20"]

1. d4 d5 2. Nf3 Nf6 3. Bf4 e6 4. Nbd2 Bd6 5. Bxd6 Qxd6 6. c3 Nbd7 7. e3 O-O 8.
Qc2 e5 9. dxe5 Nxe5 10. Nxe5 Qxe5 11. Nf3 Qh5 12. h3 Bf5 13. Bd3 Be4 14. Bxe4
dxe4 15. Nd4 a6 16. O-O c5 17. Ne2 Rfd8 18. Ng3 Qe5 19. Rfd1 b5 20. Rxd8+ Rxd8
21. Rd1 Rxd1+ 22. Qxd1 Nd5 23. Qg4 Nf6 24. Qc8+ Qe8 25. Qxe8+ Nxe8 26. Nxe4 c4
27. b3 cxb3 28. axb3 f5 29. Nc5 a5 30. Kf1 Nd6 31. Ke2 Ne4 32. Nxe4 fxe4 33. f3
exf3+ 34. gxf3 a4 35. bxa4 bxa4 36. Kd2 Kf7 37. c4 Ke6 38. Kc3 Kd6 39. Kb4 g5
40. Kxa4 Kc5 41. Kb3 h5 42. e4 Kd4 43. Kb4 Ke3 44. c5 Kxf3 45. c6 Kxe4 46. c7
g4 47. hxg4 hxg4 48. c8=Q Kf3 49. Qc3+ Kg2 50. Qd2+ Kh3 51. Qe3+ g3 52. Qg1 g2
53. Kc3 Kg3 54. Kd3 Kf3 55. Kd2 Kg3 56. Ke2 Kh3 57. Kf3 1-0

[Event "XV Torneo Leonardo di Bona B"]
[Site "Cutro ITA"]
[Date "2009.04.20"]
[Round "1"]
[White "Younis, Ayoub Mustafa"]
[Black "Manfredi, Candido"]
[Result "0-1"]
[WhiteElo "1440"]
[BlackElo "1683"]
[PlyCount "62"]
[EventDate "2009.04.20"]

1. e4 c5 2. Qf3 Nc6 3. Bc4 Ne5 4. Qc3 Nxc4 5. Qxc4 d6 6. Nf3 e5 7. h4 Be6 8.
Qb5+ Qd7 9. Qd3 b5 10. b3 Be7 11. O-O c4 12. bxc4 Bxc4 13. Qe3 Bxf1 14. Kxf1
Nf6 15. Qg5 O-O 16. h5 Nxe4 17. Qe3 f5 18. g3 Qc6 19. d3 Nc3 20. Nxc3 Qxc3 21.
Rb1 a6 22. Ne1 h6 23. Bb2 Qc6 24. d4 Qh1+ 25. Ke2 Qxh5+ 26. f3 Qh2+ 27. Kd1 Bg5
28. f4 exf4 29. Qe6+ Kh8 30. gxf4 Qxf4 31. d5 Qd2# 0-1